[Event "Dewan Astana Karnival op (Women)"]
[Site "Dewan Astana"]
[Date "2015.07.30"]
[Round "2"]
[White "Nur, Hafizaliyana Hassan"]
[Black "Chan, Ying Nee"]
[Result "1-0"]
[WhiteElo "1511"]
[BlackElo "1122"]
[PlyCount "51"]
[EventDate "2015.07.29"]
[EventType "swiss"]
[EventRounds "7"]
[EventCountry "MAS"]
[SourceTitle "EXT 2017"]
[Source "ChessBase"]
[SourceDate "2016.10.25"]
[SourceVersion "1"]
[SourceVersionDate "2016.10.25"]
[SourceQuality "1"]

1. h3 e5 2. d4 exd4 3. Nf3 Bb4+ 4. Nbd2 c5 5. a3 Bxd2+ 6. Qxd2 Nf6 7. c3 Nc6 8. cxd4 cxd4 9. Nxd4 Qb6 10. Qe3+ Ne7 11. b4 d6 12. Bb2 Nfd5 13. Qg5 0-0 14. Ne6 Nf5 15. Nxf8 Kxf8 16. g4 f6 17. Qd2 Nfe7 18. Bg2 Qb5 19. 0-0 Nb6 20. Qxd6 Qxe2 21. Rfe1 Nc4 22. Qd8+ Kf7 23. Rxe2 Nxb2 24. Qxe7+ Kg6 25. Qe8+ Kh6 26. Qh5# 1-0